| 000 | 00549nam a2200193Ia 4500 | ||
|---|---|---|---|
| 001 | 17883 | ||
| 003 | GE_BSU | ||
| 008 | 181216s||||||||xx |||||||||||||| ||und|| | ||
| 040 | _cGE_BSU | ||
| 080 | _a624.15.04(075.8) | ||
| 100 | _aХенсон,У.Э. Пек,Р.Б. Торбун,Т.Х. | ||
| 245 | _aОснования и фундаменты. | ||
| 250 | _aПерев. с англиского. | ||
| 260 | _aМ. | ||
| 260 | _bГосстройиздат. | ||
| 260 | _c1958. | ||
| 653 | _aОснования и фундаменты. | ||
| 942 | _cBK | ||
| 999 |
_c50928 _d50928 |
||